000 01001nac a22002651i 4500
003 EG-ScBUE
005 20250522140449.0
008 250413t1986 si a frb 000 0 eng d
020 _a9971500299
040 _aEG-ScBUE
_beng
_erda
_cEG-ScBUE
_dEG-ScBUE
082 0 4 _a530.41
_bCHO
_222
100 1 _aChowdhury, Debashish,
_eauthor.
245 1 0 _aSpin glasses and other frustrated systems /
_cDebashish Chowdhury, Department of Physics, Temple University, Philadelphia, USA and Institute Für Theoretische Physik Universität Zu Kőln, Kőln, West Germany.
264 1 _aSingapore :
_bWorld Scientific Publishing Co Pte Ltd,
_c[1986]
264 4 _cc1986
300 _axiii, 385 pages :
_billustrations ;
_c22 cm
336 _2rdacontent
_atext
_btxt
337 _aunmediated
_2rdamedia
_bn
338 _avolume
_bnc
_2rdacarrier
500 _aIncludes Appendices.
504 _aIncludes bibliographical references.
650 7 _aSpin glasses.
_2BUEsh
655 _vReading book
942 _cBB
_2ddc
999 _c3999
_d3999